000 00309nam a2200121Ia 4500
008 190216s9999||||xx |||||||||||||| ||und||
100 _aIbn Batuta
245 0 _aKeralam Arunooru Kollam Munpu
260 _bNational Book Stall
_c1966
300 _a187p
650 _aKerala History-Kerala History
942 _cBK
999 _c18692
_d18692